|
|
|
|
| LEADER |
00667nam a22001937a 4500 |
| 020 |
|
|
|a 9781107664531
|
| 082 |
|
|
|a 658.4092
|b HER-C
|
| 100 |
|
|
|a Heracleous, Loizos.
|
| 245 |
|
|
|a Crafting strategy: embodied metaphors in practice/
|
| 650 |
|
|
|a Organizational behaviour
|
| 650 |
|
|
|a Startegic planning
|
| 650 |
|
|
|a Metaphor-social aspects
|
| 650 |
|
|
|a Creative thinking
|
| 650 |
|
|
|a Project voltigo
|
| 650 |
|
|
|a Hephata foundation
|
| 700 |
|
|
|a Jacobs, Claus D.
|
| 942 |
|
|
|c BK
|
| 999 |
|
|
|c 54544
|d 54544
|
| 952 |
|
|
|0 0
|1 0
|4 0
|6 658_409200000000000_HERC
|7 0
|9 68719
|a KU
|b KU
|d 2019-06-03
|e PICO.A2/5736/2013 dtd 02/05/2018
|g 425.00
|l 0
|o 658.4092 HER-C
|p MB07703
|r 2019-06-03
|w 2019-06-03
|y BK
|